000 02009ncm0a2200385 4500
001 RU\NLR\ONIZ\216936
005 20250626062426.0
013 _a979-0-706423-53-1
013 _a979-0-706423-54-8
021 _aRU
_b15-310н
_915-18н
035 _a(NLR Aleph) 011414450
071 2 0 _a11893
090 _a11575955
_c11575955
100 _a20170331d2015 |||y0rusy50 ca
101 0 _arus
102 _aRU
125 _azx
145 0 _ab
200 1 _aКомпозиторы Русского арфового общества - детям
_bНоты
_eсб. пьес для арфы
_eв 2 тетр.
_hТетр. 1
_fпод общ. ред. Н. Шамеевой, В. Кикты и др.
210 _aМосква
_cКомпозитор
_d2015
215 _a51 с.
_cил.
_d30 см
313 _aСистематизация документа проведена по изданию - Методика классифицирования музыкальных произведений (нотных изданий) по таблицам Библиотечно-библиографических классификаций : метод. рекомендации / Гос. б-ка СССР им. В.И. Ленина.- М., 1977. Индексу ББК методических рекомендаций присваивается код ББК для научных библиотек - LBC/SL
686 _aЩ956.1-0я43(2Р)
_vLBC/SL
_2rubbk
701 1 _9z03790
_aШамеева
_bН. Х.
_f1939-
_gНаталья Хамидовна
_4230
_7ca
701 1 _9z04790
_aКикта
_bВ. Г.
_f1941-
_gВалерий Григорьевич
_4230
790 1 _9z03701
_aShameeva
_bN. H.
_f1939-
_gNatalya Hamidovna
_4230
_7ba
790 1 _9z04701
_aKikta
_bV.
_f1941-
_gValerij
_4230
801 0 _aRU
_bNLR
_c20170331
_gPSBO
801 1 _aRU
_bNLR
_c20170331
_2rusmarc
801 2 _aRU
_bNLR
_c20190630
852 _aNLR
_bМ
_jК-3/28384(1)
_pМОЭ 2015-18н/310н
_t1
942 _cSCORE
980 _aNB
980 _aONIZ